| Tag |
First Indicator |
Second Indicator |
Subfields |
| LEADER |
00000cam a2200000Ia 4500 |
| 001 |
in00002449921 |
| 005 |
20210727085517.0 |
| 006 |
m d |
| 007 |
cr cn||||||||| |
| 008 |
090209s2006 sz a s 000 0 eng d |
| 020 |
|
|
|a 3764378662
|
| 020 |
|
|
|a 9783764378660
|
| 035 |
|
|
|a (OCoLC)302287909
|
| 035 |
|
|
|a (OCoLC)ocn302287909
|
| 035 |
|
|
|a 3171114
|
| 037 |
|
|
|a 978-3-7643-6249-2
|b Springer
|n http://www.springerlink.com
|
| 040 |
|
|
|a GW5XE
|b eng
|c GW5XE
|d UtOrBLW
|
| 049 |
|
|
|a TEFA
|
| 050 |
1 |
4 |
|a NA4140
|b .M37 2006eb
|
| 082 |
0 |
4 |
|a 721/.04496
|2 22
|
| 100 |
1 |
|
|a Marpillero, S.
|q (Sandro)
|0 http://id.loc.gov/authorities/names/n85238820
|
| 245 |
1 |
0 |
|a James Carpenter :
|b environmental refractions /
|c Sandro Marpillero ; preface by Jörg Schlaich ; essay by Kenneth Frampton.
|
| 246 |
3 |
0 |
|a Environmental refractions
|
| 264 |
|
1 |
|a Basel :
|b Birkhäuser,
|c [2006]
|
| 264 |
|
4 |
|c ©2006
|
| 300 |
|
|
|a 173 pages :
|b color illustrations ;
|c 29 cm.
|
| 336 |
|
|
|a text
|b txt
|2 rdacontent
|
| 337 |
|
|
|a computer
|b c
|2 rdamedia
|
| 338 |
|
|
|a online resource
|b cr
|2 rdacarrier
|
| 500 |
|
|
|a Electronic resource.
|
| 504 |
|
|
|a Includes bibliographical references.
|
| 533 |
|
|
|a Electronic reproduction.
|b New York :
|c Springer,
|d 2009.
|n Mode of access: World Wide Web.
|n System requirements: Web browser.
|n Title from title screen (viewed on Feb. 4, 2009).
|n Access may be restricted to users at subscribing institutions.
|
| 600 |
1 |
0 |
|a Carpenter, James,
|d 1949-
|x Criticism and interpretation.
|
| 650 |
|
0 |
|a Glass construction.
|0 http://id.loc.gov/authorities/subjects/sh85055130
|
| 650 |
|
0 |
|a Glass sculpture.
|0 http://id.loc.gov/authorities/subjects/sh85055179
|
| 650 |
|
0 |
|a Light in architecture.
|0 http://id.loc.gov/authorities/subjects/sh85076895
|
| 655 |
|
7 |
|a Electronic books.
|2 local
|
| 700 |
1 |
|
|a Carpenter, James,
|d 1949-
|0 http://id.loc.gov/authorities/names/no94022466
|
| 700 |
1 |
|
|a Frampton, Kenneth.
|0 http://id.loc.gov/authorities/names/n79108317
|
| 710 |
2 |
|
|a SpringerLink (Online service)
|0 http://id.loc.gov/authorities/names/no2005046756
|
| 776 |
1 |
|
|c Original
|z 3764362499
|z 9783764362492
|w (OCoLC)70917224
|
| 856 |
4 |
0 |
|u http://proxy.library.tamu.edu/login?url=https://dx.doi.org/10.1007/3-7643-7866-2
|z Connect to the full text of this electronic book
|t 0
|
| 994 |
|
|
|a C0
|b TEF
|
| 999 |
|
|
|a MARS
|
| 999 |
f |
f |
|s 02ac3950-a43f-3bb4-96ba-7ed6a9a6c135
|i 7e98d4c4-0e85-327a-be56-ea3cd74f5f71
|t 0
|
| 952 |
f |
f |
|a Texas A&M University
|b College Station
|c Electronic Resources
|d Available Online
|t 0
|e NA4140 .M37 2006eb
|h Library of Congress classification
|
| 998 |
f |
f |
|a NA4140 .M37 2006eb
|t 0
|l Available Online
|